书目信息 |
| 题名: |
开展全民义务植树运动重要文件选辑
|
|
| 作者: | ||
| 分册: | ||
| 出版信息: | 北京 法律出版社 1982 |
|
| 页数: | 39页 | |
| 开本: | 19cm | |
| 丛书名: | ||
| 单 册: | ||
| 中图分类: | F326.2 | |
| 科图分类: | ||
| 主题词: | 植苗造林-义务劳动--文件--中国 , 义务劳动-植苗造林--文件--中国 | |
| 电子资源: | ||
| ISBN: | ||
| 000 | 00657nam0 2200229 45 | |
| 001 | 0182008851 | |
| 005 | 20060801154248.28 | |
| 010 | @dCNY0.14 | |
| 091 | @aCN@b6004.526 | |
| 100 | @a19950306d1982 em y0chiy0121 ea | |
| 101 | 0 | @achi |
| 102 | @aCN@b110000 | |
| 105 | @ay z 000yy | |
| 200 | 10 | @a开展全民义务植树运动重要文件选辑@Akai zhan quan min yi wu zhi shu yun dong zhong yao wen jian xuan ji |
| 210 | @a北京@c法律出版社@d1982 | |
| 215 | @a39页@d19cm | |
| 606 | @a植苗造林-义务劳动@x文件@y中国 | |
| 606 | @a义务劳动-植苗造林@x文件@y中国 | |
| 690 | @aF326.2@v3 | |
| 801 | 2 | @aCN@bNLC@c20060801 |
| 801 | 0 | @aCN@bTSSF |
| 905 | @a10447@dF326.2@e49 | |
| 开展全民义务植树运动重要文件选辑.-北京:法律出版社,1982 |
| 39页;19cm |
| ISBN :CNY0.14 |
| ● |
| 相关链接 |
|
|
|
|
正题名:开展全民义务植树运动重要文件选辑
索取号:F326.2/49
 
预约/预借
| 序号 | 登录号 | 条形码 | 馆藏地/架位号 | 状态 | 备注 |
| 1 | 0441280 | 204412803 | 密集书库/ [索取号:F326.2/49] | 在馆 | |
| 2 | 0441281 | 204412812 | 密集书库/ [索取号:F326.2/49] | 在馆 |